Встречи
| Autor Principal: | |
|---|---|
| Autor Corporativo: | |
| Outros autores: | |
| Idioma: | ruso |
| Publicado: |
Москва, Наука, 1984
|
| Subjects: |
Кржижановский
> Г. М.
> российский государственный деятель, учёный, академик АН СССР
> специалист в области энергетики
> 1872-1959
> Глеб Максимилианович
Комаров
> В. Л.
> российский ученый, ботаник
> академик РАН
> президент АН СССР (с 1936 г.)
> 1869-1945
> Владимир Леонтьевич
Вернадский
> Владимир Иванович
> В. И.
> российский учёный
> естествоиспытатель, мыслитель и общественный деятель
> 1863-1945
|
| Formato: | Libro |
| KOHA link: | https://koha.lib.tpu.ru/cgi-bin/koha/opac-detail.pl?biblionumber=281654 |
MARC
| LEADER | 00000nam0a2200000 4500 | ||
|---|---|---|---|
| 001 | 281654 | ||
| 005 | 20231101235425.0 | ||
| 035 | |a (RuTPU)RU\TPU\book\305477 | ||
| 090 | |a 281654 | ||
| 100 | |a 20150124d1984 km y0rusy50 ca | ||
| 101 | 0 | |a rus | |
| 102 | |a RU | ||
| 105 | |a y z 000zd | ||
| 200 | 1 | |a Встречи |f Б. Г. Кузнецов |g Академия наук СССР (АН СССР), Институт истории естествознания и техники (ИИЕТ АН СССР) ; отв. ред. В. Я. Френкель | |
| 210 | |a Москва |c Наука |d 1984 | ||
| 215 | |a 95 с. | ||
| 600 | 1 | |a Кржижановский |b Г. М. |c российский государственный деятель, учёный, академик АН СССР |c специалист в области энергетики |f 1872-1959 |g Глеб Максимилианович |2 stltpush |3 (RuTPU)RU\TPU\pers\11517 |9 2711 | |
| 600 | 1 | |a Комаров |b В. Л. |c российский ученый, ботаник |c академик РАН |c президент АН СССР (с 1936 г.) |f 1869-1945 |g Владимир Леонтьевич |2 stltpush |3 (RuTPU)RU\TPU\pers\17660 |9 6545 | |
| 600 | 1 | |a Вернадский |g Владимир Иванович |b В. И. |c российский учёный |c естествоиспытатель, мыслитель и общественный деятель |f 1863-1945 |2 stltpush |3 (RuTPU)RU\TPU\pers\417 | |
| 600 | 1 | |a Морозов |b Н. А. |c революционер-народник, учёный-энциклопедист |c почётный член АН СССР |c С 1.01.1918 г. зачислен в штат ТТИ профессором по кафедре общей химии |f 1854-1946 |g Николай Александрович |2 stltpush |3 (RuTPU)RU\TPU\pers\125 | |
| 600 | 1 | |a Френкель |b Я. И. |f 1894-1952 |g Яков Ильич |c российский физик-теоретик |c член-корреспондент АН СССР |2 stltpush |3 (RuTPU)RU\TPU\pers\4118 | |
| 600 | 1 | |a Тамм |g Игорь Евгеньевич |b И. Е. |c российский физик-теоретик |f 1895-1971 |2 stltpush |3 (RuTPU)RU\TPU\pers\1086 | |
| 600 | 1 | |a Манфред |b А. З. |c российский историк |f 1906-1976 |g Альберт Захарович |2 stltpush |3 (RuTPU)RU\TPU\pers\9745 |9 1982 | |
| 606 | 1 | |a Наука |x История |2 stltpush |3 (RuTPU)RU\TPU\subj\45075 |9 64337 | |
| 610 | 1 | |a воспоминания | |
| 610 | 1 | |a ученые | |
| 610 | 1 | |a встречи | |
| 610 | 1 | |a миропонимание | |
| 610 | 1 | |a научное общение | |
| 686 | |a Ч213 |v LBC/SL-A |2 rubbk | ||
| 700 | 1 | |a Кузнецов |b Б. Г. |g Борис Григорьевич | |
| 702 | 1 | |a Френкель |b В. Я. |c российский историк науки |c физик |f 1930-1997 |g Виктор Яковлевич |2 stltpush |3 (RuTPU)RU\TPU\pers\8803 |4 340 |9 1697 | |
| 712 | 0 | 2 | |a Академия наук СССР (АН СССР) |b Институт истории естествознания и техники (ИИЕТ АН СССР) |c (Москва) |c (1953- ) |2 stltpush |3 (RuTPU)RU\TPU\col\8662 |
| 801 | 1 | |a RU |b 63413507 |c 20150124 | |
| 801 | 2 | |a RU |b 63413507 |c 20191224 |g RCR | |
| 942 | |c BK | ||